Statistisches Jahrbuch 1991 für das Ausland

Gespeichert in:
Bibliographische Detailangaben
Format: Buch
Sprache:Deutsch
Veröffentlicht: Wiesbaden Statistisches Bundesamt 1991
Ausgabe:1. Aufl.
Schlagworte:
Tags: Tag hinzufügen
Keine Tags, Fügen Sie das erste Tag hinzu!

MARC

LEADER 00000nam a2200000 4500
001 c005289
005 20221214094924.4
020 |a 3-8246-0079-X 
041 0 |a ger 
044 |a DE 
245 1 0 |a Statistisches Jahrbuch 1991 für das Ausland 
250 |a 1. Aufl. 
264 1 |a Wiesbaden  |b Statistisches Bundesamt  |c 1991 
300 |a 323 s. 
610 2 0 |a Európa 
610 2 0 |a Nemecko 
610 2 0 |a východné Nemecko 
610 2 0 |a Európske spoločenstvá 
610 2 0 |a organizácie medzinárodné 
610 2 0 |a porovnanie medzinárodné